Die wichtigsten Teile des menschlichen Ohrs - Statistiken

Allgemein
  • Dieses Quiz wurde 22 mal gespielt
  • Das Durchschnittsergebnis liegt bei 6 aus 12
Antwortstatistiken
Antworten % Korrekt
Amboss
86%
Trommelfell
86%
Hammer
81%
Steigbügel
81%
Ohrmuschel
76%
Gehörgang
71%
Schnecke
52%
Außenohr
24%
Innenohr
24%
Mittelohr
24%
Bogengänge
14%
Hörnerv
10%
Keine übereinstimmenden Quizze gefunden
Verteilung der Resultate
Anzahl Personen mit jedem Resultat
Perzentil nach korrekt beantworteten Fragen
Ihre Resultats-Entwicklung
Sie haben dieses Quiz noch nicht gespielt